Nfl teams by city latitude - Statistics

General Stats
  • This quiz has been taken 10 times
  • The average score is 25 of 30
Answer Stats
Population State City % Correct
755,078 Washington Seattle
100%
510,823 Georgia Atlanta
90%
653,833 Massachusetts Boston
90%
2,664,452 Illinois Chicago
90%
716,577 Colorado Denver
90%
633,218 Michigan Detroit
90%
105,744 Wisconsin Green Bay
90%
2,314,157 Texas Houston
90%
879,293 Indiana Indianapolis
90%
985,843 Florida Jacksonville
90%
660,929 Nevada Las Vegas
90%
687,788 Tennesee Nashville
90%
364,136 Louisiana New Orleans
90%
8,258,035 New York New York
90%
303,255 Pennsylvania Pittsburgh
90%
808,988 California San Francisco
90%
274,678 New York Buffalo
80%
311,097 Ohio Cincinnati
80%
362,656 Ohio Cleveland
80%
1,302,868 Texas Dallas
80%
510,704 Missouri/Kansas Kansas City
80%
455,924 Florida Miami
80%
425,115 Minnesota Minneapolis
80%
1,550,542 Pennsylvania Philadelphia
80%
1,650,070 Arizona Phoenix
80%
403,364 Florida Tampa
80%
565,239 Maryland Baltimore
70%
911,311 North Carolina Charlotte
70%
678,972 Maryland/Virginia Washington
70%
3,820,914 California Los Angelas
30%
No matching quizzes found
Score Distribution
Percent of People with Each Score
Percentile by Number Answered
Your Score History
You have not taken this quiz